000
00302nam a22001457a 4500
008
221010b ||||| |||| 00| 0 eng d
020
_a
9780675172646
041
_a
eng
080
_a
338
082
_a
338 MERR
100
_a
23.1
101
_a
MEN
245
_a
PHYSICS
_c
MERRILL
942
_2
udc
_c
BK
999
_c
58450
_d
58450